| LEADER : 00000nam 2200000uu 4500 |
| 001 13399129213 |
| 003 ULIB |
| 008 260511s2027||||th 000 0 tha d |
| 020 ^a9780443115097
|
| 060 0 ^aWY20.5^bG779B
|
| 100 1 ^aGray, Jennifer R.
|
| 245 1 ^aBurns and Grove s the practice of nursing research :^bappraisal, synthesis, and generation of evidence /^cJennifer R. Gray and Susan K. Grove
|
| 246 3 ^aBurns and Grove s the practice of nursing research
|
| 246 3 ^aPractice of nursing research
|
| 246 3 ^aPractice of nursing research :^bappraisal, synthesis, and generation of evidence
|
| 250 ^a9th ed.
|
| 260 ^aSt. Louis, Missouri :^bElsevier,^c2027.
|
| 300 ^axviii, 859 p. :^bill. col.
|
| 505 0 ^aUnit 1. Introduction to nursing research. 1, Discovering the world of nursing. 2, Evolution of research in building evidence-based nursing practice. 3, Introduction to quantitative research. 4, Introduction to qualitative research -- Unit 2. The research process. 5, Research problem and purpose. 6, Objectives, questions, hypotheses, and study variables. 7, Review of relevant literature. 8, Frameworks. 9, Ethics in research. 10, Quantitative methodology : noninterventional designs and methods. 11, Quantitative methodology : interventional designs and methods. 12, Qualitative research methods. 13, Outcomes research. 14, Mixed methods research. 15, Sampling. 16, Quantitative measurement concepts. 17, Measurement methods used in developing evidence-based practice -- Unit 3. Putting it all together for evidence-based health care. 18, Critical appraisal of nursing studies. 19, Evidence synthesis and strategies for implementing evidence-based practice -- Unit 4. Collecting and analyzing data, determining outcomes, and disseminating research. 20, Collecting and managing data. 21, Introduction to statistical analysis. 22, Using statistics to describe variables. 23, Using statistics to examine relationships. 24, Using statistics to predict. 25, Using statistics to determine differences. 26, Interpreting research outcomes. 27, Disseminating research findings -- Unit 5. Proposing and seeking funding for research. 28, Writing research proposals. 29, Seeking funding for research.
|
| 650 0 ^aEvidence-based medicine.
|
| 650 0 ^aEvidence-based nursing
|
| 650 0 ^aEvidence-Based Nursing^xmethods.
|
| 650 0 ^aNursing research.
|
| 650 0 ^aNursing^xResearch^vMethods
|
| 650 0 ^aNursing^xResearch^xMethodology
|
| 650 0 ^aNursing^xResearch^xMethods
|
| 650 2 ^aEvidence-Based Nursing^xmethods.
|
| 650 2 ^aNursing Research^xmethods.
|
| 654 ^aNursing
|
| 654 ^aNursing -- General
|
| 700 1 ^aGrove, Susan k.
|
| 856 4 ^a ^zOnline Book^uhttps://evolve.elsevier.com/
|
| 999 ^aประนอม เกษจรัล
|